| Tag |
First Indicator |
Second Indicator |
Subfields |
| LEADER |
00000cam a2200000 i 4500 |
| 001 |
in00005620587 |
| 003 |
OCoLC |
| 005 |
20250425155402.7 |
| 008 |
241114t20252025mdu b 001 0 eng |
| 010 |
|
|
|a 2024041339
|
| 040 |
|
|
|a DLC
|e rda
|c DLC
|
| 020 |
|
|
|a 9798881803728
|q hardcover
|
| 020 |
|
|
|z 9798881803742
|q electronic book
|
| 035 |
|
|
|a (OCoLC)1468980377
|
| 050 |
0 |
0 |
|a BD223
|b .M68 2025
|
| 082 |
0 |
0 |
|a 126
|2 23/eng/20241114
|
| 100 |
1 |
|
|a Moufawad-Paul, J.
|q (Joshua),
|d 1978-
|e author.
|
| 245 |
1 |
0 |
|a Being subjects :
|b preliminary materials of the person /
|c J. Moufawad-Paul.
|
| 264 |
|
1 |
|a Lanham, Maryland :
|b Rowman & Littlefield,
|c [2025].
|
| 264 |
|
4 |
|c ©2025.
|
| 300 |
|
|
|a xi, 155 pages ;
|c 24 cm.
|
| 336 |
|
|
|a text
|b txt
|2 rdacontent
|
| 337 |
|
|
|a unmediated
|b n
|2 rdamedia
|
| 338 |
|
|
|a volume
|b nc
|2 rdacarrier
|
| 490 |
1 |
|
|a Living existentialism
|
| 504 |
|
|
|a Includes bibliographical references (pages 141-145) and index.
|
| 505 |
0 |
|
|a Prologue -- The meaning of subject -- Subject and ideology -- Subject and being -- Subject as assemblage, partisan, collective -- Epilogue : the subjective factor.
|
| 520 |
|
|
|a The notion of the subject is so frequently used in theory and philosophy to the point that it has become opaque. This book not only provides a critical historiography of this notion-such as related topics of being and essence-but also argues for the subject's centrality in a radical politics.
|
| 650 |
|
0 |
|a Subject (Philosophy)
|
| 650 |
|
0 |
|a Philosophy, Marxist.
|
| 830 |
|
0 |
|a Living existentialism.
|
| 945 |
|
|
|b 346910
|
| 947 |
|
|
|a A14852282194
|
| 948 |
|
|
|a dmitchel 4/25/25 10.50.40
|
| 980 |
|
|
|b print
|c 40032622127
|f NONFIC/B
|g 565714
|k USD
|m 76.00
|q 1
|s AcqMono Conventional
|t Approval plan
|u Vendor order reference number
|v ZYBP
|y Print approval
|z Physical resource
|
| 999 |
f |
f |
|i b0dff224-ffb2-4724-b4f4-91c402300e75
|s 5039293e-f5d9-48b8-8ff2-6b22f5badef9
|t 0
|
| 952 |
f |
f |
|p normal
|a Texas A&M University
|b College Station
|c Sterling C. Evans Library
|d Evans: Library Stacks
|t 0
|e BD223 .M68 2025
|h Library of Congress classification
|i unmediated -- volume
|m A14852282194
|
| 998 |
f |
f |
|a BD223 .M68 2025
|t 0
|l Evans: Library Stacks
|